[Event "S16 a S20"]
[Site "Cambrils"]
[Date "2023.04.04"]
[Round "6.1"]
[White "Parra Ordorica, Gorka"]
[Black "Masague Artero, Guerau"]
[Result "0-1"]
[TimeControl "90'+30\""]
[BlackTitle "FM"]
[BlackFideId "32098952"]
[WhiteElo "1832"]
[BlackElo "2302"]

1. e4 {[%clk 01:30:52]} {[%emt 00:00:07]} c5 {[%clk 01:30:31]} {[%emt
00:00:29]} 2. Nc3 {[%clk 01:31:04]} {[%emt 00:00:19]} Nc6 {[%clk 01:30:43]}
{[%emt 00:00:18]} 3. Bb5 {[%clk 01:31:12]} {[%emt 00:00:23]} Nd4 {[%clk
01:31:06]} {[%emt 00:00:06]} 4. Nf3 {[%clk 01:30:34]} {[%emt 00:01:08]} e6
{[%clk 01:31:27]} {[%emt 00:00:09]} 5. O-O {[%clk 01:30:34]} {[%emt 00:00:29]}
a6 {[%clk 01:31:52]} {[%emt 00:00:06]} 6. Bd3 {[%clk 01:30:08]} {[%emt
00:00:56]} Nc6 {[%clk 01:32:16]} {[%emt 00:00:06]} 7. b3 {[%clk 01:28:22]}
{[%emt 00:02:16]} d6 {[%clk 01:30:59]} {[%emt 00:01:47]} 8. Bb2 {[%clk
01:27:51]} {[%emt 00:01:02]} Nf6 {[%clk 01:31:08]} {[%emt 00:00:20]} 9. Re1
{[%clk 01:26:24]} {[%emt 00:01:58]} e5 {[%clk 01:29:26]} {[%emt 00:02:12]} 10.
h3 {[%clk 01:24:38]} {[%emt 00:02:16]} Be7 {[%clk 01:29:17]} {[%emt 00:00:38]}
11. a3 {[%clk 01:18:15]} {[%emt 00:06:55]} h6 {[%clk 01:22:06]} {[%emt
00:07:40]} 12. Ne2 {[%clk 01:15:29]} {[%emt 00:03:17]} O-O {[%clk 01:14:16]}
{[%emt 00:08:19]} 13. c3 {[%clk 01:13:45]} {[%emt 00:02:15]} d5 {[%clk
01:05:46]} {[%emt 00:08:59]} 14. exd5 {[%clk 01:13:34]} {[%emt 00:00:42]} Qxd5
{[%clk 01:05:56]} {[%emt 00:00:19]} 15. Bc4 {[%clk 01:03:23]} {[%emt 00:10:42]}
Qd6 {[%clk 01:00:58]} {[%emt 00:05:28]} 16. Ng3 {[%clk 01:03:03]} {[%emt
00:00:50]} Rd8 {[%clk 01:00:54]} {[%emt 00:00:34]} 17. Qc2 {[%clk 01:01:42]}
{[%emt 00:01:52]} b5 {[%clk 00:40:56]} {[%emt 00:20:28]} 18. Bf1 {[%clk
01:01:31]} {[%emt 00:00:41]} Be6 {[%clk 00:41:15]} {[%emt 00:00:10]} 19. Rad1
{[%clk 00:53:26]} {[%emt 00:08:35]} e4 {[%clk 00:35:21]} {[%emt 00:06:24]} 20.
Nh4 {[%clk 00:37:56]} {[%emt 00:16:00]} Qf4 {[%clk 00:34:39]} {[%emt 00:01:12]}
21. Nxe4 {[%clk 00:15:32]} {[%emt 00:22:54]} Qxh4 {[%clk 00:34:28]} {[%emt
00:00:41]} 0-1

[Event "S16 a S20"]
[Site "Cambrils"]
[Date "2023.04.04"]
[Round "6.2"]
[White "Rocamora Martorell, Ferran"]
[Black "Ruiz Soria, Adria"]
[Result "1-0"]
[TimeControl "90'+30\""]
[WhiteFideId "54524130"]
[WhiteElo "2087"]
[BlackElo "1909"]

1. d4 {[%clk 01:28:41]} {[%emt 00:02:17]} d5 {[%clk 01:30:54]} {[%emt
00:00:07]} 2. c4 {[%clk 01:28:32]} {[%emt 00:00:39]} e6 {[%clk 01:31:20]}
{[%emt 00:00:04]} 3. Nf3 {[%clk 01:28:16]} {[%emt 00:00:45]} c6 {[%clk
01:31:40]} {[%emt 00:00:11]} 4. g3 {[%clk 01:27:40]} {[%emt 00:01:06]} dxc4
{[%clk 01:31:55]} {[%emt 00:00:16]} 5. Bg2 {[%clk 01:25:05]} {[%emt 00:03:04]}
b5 {[%clk 01:31:52]} {[%emt 00:00:33]} 6. Ne5 {[%clk 01:18:56]} {[%emt
00:06:38]} Bb7 {[%clk 01:31:40]} {[%emt 00:00:43]} 7. a4 {[%clk 01:12:46]}
{[%emt 00:06:39]} a6 {[%clk 01:31:00]} {[%emt 00:01:10]} 8. O-O {[%clk
01:09:01]} {[%emt 00:04:14]} Nf6 {[%clk 01:25:50]} {[%emt 00:05:40]} 9. b3
{[%clk 00:54:53]} {[%emt 00:14:38]} cxb3 {[%clk 01:25:00]} {[%emt 00:01:21]} 10.
axb5 {[%clk 00:53:05]} {[%emt 00:02:17]} axb5 {[%clk 01:23:22]} {[%emt
00:02:09]} 11. Rxa8 {[%clk 00:53:26]} {[%emt 00:00:09]} Bxa8 {[%clk 01:23:44]}
{[%emt 00:00:08]} 12. Nc3 {[%clk 00:51:13]} {[%emt 00:02:43]} Nd5 {[%clk
01:02:23]} {[%emt 00:21:51]} 13. Qxb3 {[%clk 00:48:39]} {[%emt 00:03:03]} Nd7
{[%clk 00:57:58]} {[%emt 00:04:55]} 14. f4 {[%clk 00:44:59]} {[%emt 00:04:10]}
Nxe5 {[%clk 00:35:56]} {[%emt 00:22:32]} 15. fxe5 {[%clk 00:38:00]} {[%emt
00:07:29]} Be7 {[%clk 00:33:43]} {[%emt 00:02:43]} 16. Nxd5 {[%clk 00:34:14]}
{[%emt 00:04:16]} exd5 {[%clk 00:30:59]} {[%emt 00:03:14]} 17. e4 {[%clk
00:33:25]} {[%emt 00:01:19]} O-O {[%clk 00:20:40]} {[%emt 00:10:49]} 18. exd5
{[%clk 00:33:27]} {[%emt 00:00:28]} cxd5 {[%clk 00:20:40]} {[%emt 00:00:31]} 19.
Qxb5 {[%clk 00:33:03]} {[%emt 00:00:54]} Kh8 {[%clk 00:12:18]} {[%emt
00:08:53]} 20. Be3 {[%clk 00:29:18]} {[%emt 00:04:15]} Kg8 {[%clk 00:10:18]}
{[%emt 00:02:30]} 21. h4 {[%clk 00:26:20]} {[%emt 00:03:27]} Kh8 {[%clk
00:09:04]} {[%emt 00:01:44]} 22. h5 {[%clk 00:26:16]} {[%emt 00:00:34]} Kg8
{[%clk 00:07:51]} {[%emt 00:01:44]} 23. h6 {[%clk 00:23:33]} {[%emt 00:03:12]}
g6 {[%clk 00:07:45]} {[%emt 00:00:36]} 24. e6 {[%clk 00:16:26]} {[%emt
00:07:37]} fxe6 {[%clk 00:05:23]} {[%emt 00:02:53]} 25. Qa6 {[%clk 00:13:52]}
{[%emt 00:03:03]} Rxf1+ {[%clk 00:03:25]} {[%emt 00:02:28]} 26. Kxf1 {[%clk
00:13:25]} {[%emt 00:00:56]} Bf6 {[%clk 00:02:46]} {[%emt 00:01:10]} 27. Qxe6+
{[%clk 00:13:28]} {[%emt 00:00:26]} Kh8 {[%clk 00:02:40]} {[%emt 00:00:37]} 28.
Qa6 {[%clk 00:12:22]} {[%emt 00:01:36]} Kg8 {[%clk 00:02:46]} {[%emt 00:00:24]}
29. Bf3 {[%clk 00:11:09]} {[%emt 00:01:43]} Kh8 {[%clk 00:02:26]} {[%emt
00:00:50]} 30. Kg2 {[%clk 00:11:25]} {[%emt 00:00:13]} Kg8 {[%clk 00:02:51]}
{[%emt 00:00:06]} 31. Bg4 {[%clk 00:11:28]} {[%emt 00:00:27]} Kh8 {[%clk
00:01:18]} {[%emt 00:02:04]} 32. Qa7 {[%clk 00:09:45]} {[%emt 00:02:13]} Bc6
{[%clk 00:01:17]} {[%emt 00:00:30]} 33. Bg5 {[%clk 00:08:59]} {[%emt 00:01:17]}
Kg8 {[%clk 00:00:37]} {[%emt 00:01:11]} 34. Be6+ {[%clk 00:09:22]} {[%emt
00:00:06]} 1-0

[Event "S16 a S20"]
[Site "Cambrils"]
[Date "2023.04.04"]
[Round "6.3"]
[White "Alfonso Pellisa, Aaron"]
[Black "De Lomas Busquets, Alba"]
[Result "1-0"]
[TimeControl "90'+30\""]
[BlackFideId "24585289"]
[WhiteElo "2035"]
[BlackElo "1859"]

1. e4 {[%clk 01:30:56]} {[%emt 00:00:04]} c5 {[%clk 01:30:42]} {[%emt
00:00:18]} 2. Nc3 {[%clk 01:31:10]} {[%emt 00:00:17]} Nc6 {[%clk 01:30:35]}
{[%emt 00:00:37]} 3. g3 {[%clk 01:31:19]} {[%emt 00:00:20]} g6 {[%clk
01:30:47]} {[%emt 00:00:18]} 4. Bg2 {[%clk 01:31:09]} {[%emt 00:00:40]} Bg7
{[%clk 01:30:57]} {[%emt 00:00:20]} 5. d3 {[%clk 08:11:10]} {[%emt 00:00:29]}
Rb8 {[%clk 01:30:44]} {[%emt 00:00:43]} 6. Be3 {[%clk 01:30:40]} {[%emt
00:01:00]} b5 {[%clk 01:30:11]} {[%emt 00:01:04]} 7. Qd2 {[%clk 01:30:01]}
{[%emt 00:01:09]} d6 {[%clk 01:29:19]} {[%emt 00:01:23]} 8. h3 {[%clk
01:29:25]} {[%emt 00:01:05]} a5 {[%clk 01:26:57]} {[%emt 00:02:52]} 9. Nge2
{[%clk 01:28:38]} {[%emt 00:01:17]} Nd4 {[%clk 01:26:06]} {[%emt 00:01:21]} 10.
Nc1 {[%clk 01:27:38]} {[%emt 00:01:30]} a4 {[%clk 01:19:02]} {[%emt 00:07:35]}
11. Rb1 {[%clk 01:26:13]} {[%emt 00:01:54]} Bd7 {[%clk 01:17:14]} {[%emt
00:02:19]} 12. O-O {[%clk 01:26:00]} {[%emt 00:00:42]} Bxh3 {[%clk 01:15:22]}
{[%emt 00:02:21]} 13. Bxd4 {[%clk 01:26:00]} {[%emt 00:00:31]} cxd4 {[%clk
01:14:19]} {[%emt 00:01:33]} 14. Bxh3 {[%clk 01:26:05]} {[%emt 00:00:24]} dxc3
{[%clk 01:14:38]} {[%emt 00:00:12]} 15. bxc3 {[%clk 01:26:27]} {[%emt
00:00:08]} h5 {[%clk 01:13:19]} {[%emt 00:01:49]} 16. Ne2 {[%clk 01:24:17]}
{[%emt 00:02:39]} Bh6 {[%clk 01:09:12]} {[%emt 00:04:38]} 17. Qd1 {[%clk
01:23:26]} {[%emt 00:01:21]} h4 {[%clk 01:06:17]} {[%emt 00:03:25]} 18. Nd4
{[%clk 01:21:08]} {[%emt 00:02:48]} hxg3 {[%clk 00:54:22]} {[%emt 00:12:25]} 19.
Nc6 {[%clk 01:21:05]} {[%emt 00:00:32]} Qb6 {[%clk 00:50:13]} {[%emt 00:04:40]}
20. Nxb8 {[%clk 01:21:04]} {[%emt 00:00:31]} gxf2+ {[%clk 00:46:05]} {[%emt
00:04:38]} 21. Kg2 {[%clk 01:21:23]} {[%emt 00:00:11]} Qxb8 {[%clk 00:45:04]}
{[%emt 00:01:32]} 22. Qg4 {[%clk 01:17:42]} {[%emt 00:04:10]} e6 {[%clk
00:42:24]} {[%emt 00:03:11]} 23. Rxf2 {[%clk 01:17:43]} {[%emt 00:00:29]} Ne7
{[%clk 00:37:24]} {[%emt 00:05:29]} 24. Rxf7 {[%clk 01:15:44]} {[%emt
00:02:30]} Nf5 {[%clk 00:26:49]} {[%emt 00:11:05]} 25. exf5 {[%clk 01:14:25]}
{[%emt 00:01:49]} Qa8+ {[%clk 00:23:25]} {[%emt 00:03:54]} 26. Kf2 {[%clk
01:14:23]} {[%emt 00:00:31]} Kxf7 {[%clk 00:19:52]} {[%emt 00:04:03]} 27. Qxg6+
{[%clk 01:14:47]} {[%emt 00:00:07]} Kf8 {[%clk 00:18:48]} {[%emt 00:01:34]} 28.
Qf6+ {[%clk 01:15:12]} {[%emt 00:00:05]} Kg8 {[%clk 00:17:48]} {[%emt
00:01:31]} 29. Rg1+ {[%clk 01:15:35]} {[%emt 00:00:06]} Kh7 {[%clk 00:17:53]}
{[%emt 00:00:26]} 30. Qg6# {[%emt 00:00:07]} 1-0

[Event "S16 a S20"]
[Site "Cambrils"]
[Date "2023.04.04"]
[Round "6.4"]
[White "Alcala Gonzalez, Cesar"]
[Black "Gonzalez Cobos, Arnau"]
[Result "1/2-1/2"]
[TimeControl "90'+30\""]
[WhiteFideId "24584878"]
[WhiteElo "2262"]
[BlackElo "1979"]

1. d4 {[%clk 01:30:57]} {[%emt 00:00:02]} d5 {[%clk 01:30:41]} {[%emt
00:00:19]} 2. c4 {[%clk 01:31:20]} {[%emt 00:00:07]} e6 {[%clk 01:30:56]}
{[%emt 00:00:15]} 3. Nc3 {[%clk 01:31:45]} {[%emt 00:00:05]} Nf6 {[%clk
01:29:37]} {[%emt 00:01:48]} 4. cxd5 {[%clk 01:32:10]} {[%emt 00:00:05]} exd5
{[%clk 01:29:47]} {[%emt 00:00:20]} 5. Bg5 {[%clk 01:32:34]} {[%emt 00:00:05]}
c6 {[%clk 01:29:31]} {[%emt 00:00:47]} 6. e3 {[%clk 01:32:57]} {[%emt
00:00:07]} Be6 {[%clk 01:28:39]} {[%emt 00:01:22]} 7. Bd3 {[%clk 01:32:13]}
{[%emt 00:01:13]} Nbd7 {[%clk 01:28:06]} {[%emt 00:01:03]} 8. h3 {[%clk
01:26:59]} {[%emt 00:05:43]} Bd6 {[%clk 01:27:00]} {[%emt 00:01:37]} 9. Nf3
{[%clk 01:24:12]} {[%emt 00:03:18]} h6 {[%clk 01:21:54]} {[%emt 00:05:36]} 10.
Bf4 {[%emt 00:04:40]} Qc7 {[%clk 01:17:41]} {[%emt 00:00:41]} 11. Qd2 {[%emt
00:18:45]} Rc8 {[%emt 00:03:26]} 12. O-O {[%emt 00:02:36]} O-O {[%emt
00:01:08]} 13. Rac1 {[%emt 00:03:26]} Qb8 {[%emt 00:04:20]} 14. b4 {[%emt
00:13:51]} Rfd8 {[%emt 00:09:30]} 15. Rfd1 {[%emt 00:11:32]} Nh5 {[%clk
00:31:43]} {[%emt 00:03:13]} 16. Bxd6 {[%clk 01:00:24]} {[%emt 00:03:21]} Qxd6
{[%emt 00:00:19]} 17. b5 {[%emt 00:06:05]} c5 {[%emt 00:00:48]} 18. dxc5 {[%emt
00:00:55]} Nxc5 {[%emt 00:05:16]} 19. Be2 {[%clk 00:55:40]} {[%emt 00:00:08]}
Nf6 {[%clk 00:25:08]} {[%emt 00:01:19]} 20. Qd4 {[%clk 00:55:21]} {[%emt
00:00:49]} Qe7 {[%emt 00:07:48]} 21. Qb4 {[%emt 00:02:19]} Kf8 {[%emt
00:04:49]} 22. Nd4 {[%emt 00:04:06]} Nce4 {[%clk 00:16:26]} {[%emt 00:00:52]}
23. Qb2 {[%emt 00:01:49]} Nxc3 {[%clk 00:15:20]} {[%emt 00:00:07]} 24. Rxc3
{[%clk 00:46:59]} {[%emt 00:00:19]} Ne4 {[%emt 00:04:06]} 25. Rxc8 {[%clk
00:43:03]} {[%emt 00:01:00]} Rxc8 {[%emt 00:03:53]} 26. Bf3 {[%emt 00:01:25]}
Nf6 {[%emt 00:05:01]} 27. Ne2 {[%emt 00:01:52]} Kg8 {[%clk 00:09:58]} {[%emt
00:00:44]} 28. Nf4 {[%emt 00:00:28]} Qc5 {[%emt 00:02:44]} 29. a4 {[%emt
00:01:37]} Kf8 {[%emt 00:02:18]} 30. Qe5 {[%emt 00:01:10]} Re8 {[%emt
00:04:23]} 31. Nd3 {[%emt 00:02:31]} Qb6 {[%clk 00:06:24]} {[%emt 00:00:58]} 32.
Qb2 {[%emt 00:01:54]} Qd6 {[%emt 00:01:22]} 33. a5 {[%clk 00:28:17]} {[%emt
00:00:07]} Rc8 {[%emt 00:02:44]} 34. Qd4 {[%emt 00:01:47]} b6 {[%emt 00:01:11]}
35. a6 {[%emt 00:00:39]} Rc4 {[%clk 00:03:16]} {[%emt 00:00:03]} 36. Qb2 {[%emt
00:01:14]} Qc7 {[%emt 00:11:35]} 37. Nb4 {[%clk 00:13:05]} {[%emt 00:02:52]}
Rc5 {[%clk 00:02:46]} {[%emt 00:00:20]} 38. Nc6 {[%emt 00:00:44]} Bd7 {[%clk
00:02:23]} {[%emt 00:00:22]} 39. Nd4 {[%clk 00:13:47]} {[%emt 00:00:05]} Kg8
{[%clk 00:02:36]} {[%emt 00:00:17]} 40. Qb1 {[%clk 00:13:10]} {[%emt 00:01:06]}
Qd6 {[%clk 00:01:56]} {[%emt 00:01:09]} 41. h4 {[%clk 00:12:34]} {[%emt
00:01:07]} Qc7 {[%clk 00:02:10]} {[%emt 00:00:17]} 42. g3 {[%clk 00:12:42]}
{[%emt 00:00:22]} Kh8 {[%clk 00:02:29]} {[%emt 00:00:10]} 43. Kg2 {[%clk
00:12:44]} {[%emt 00:00:27]} Kg8 {[%clk 00:02:55]} {[%emt 00:00:05]} 44. Qd3
{[%clk 00:12:17]} {[%emt 00:00:58]} Qe5 {[%clk 00:02:32]} {[%emt 00:00:52]} 45.
Rd2 {[%clk 00:10:26]} {[%emt 00:02:21]} Qc7 {[%clk 00:02:54]} {[%emt 00:00:08]}
46. Rb2 {[%clk 00:10:15]} {[%emt 00:00:41]} Qe5 {[%emt 00:01:26]} 47. Rc2
{[%clk 00:09:06]} {[%emt 00:00:34]} Qc7 {[%clk 00:02:50]} {[%emt 00:00:43]} 48.
Bd1 {[%clk 00:08:25]} {[%emt 00:01:11]} Ne4 {[%clk 00:02:25]} {[%emt 00:00:55]}
49. Nb3 {[%clk 00:06:50]} {[%emt 00:02:05]} Rxc2 {[%emt 00:02:43]} 50. Qxc2
{[%clk 00:04:24]} {[%emt 00:02:09]} Qxc2 {[%clk 00:01:22]} {[%emt 00:00:07]} 51.
Bxc2 {[%clk 00:04:53]} {[%emt 00:00:01]} Bxb5 {[%clk 00:01:42]} {[%emt
00:00:10]} 52. Nd4 {[%clk 00:05:20]} {[%emt 00:00:03]} Bxa6 {[%clk 00:01:24]}
{[%emt 00:00:49]} 53. Nc6 {[%clk 00:05:50]} Bb7 {[%clk 00:01:27]} {[%emt
00:00:27]} 54. Nxa7 {[%clk 00:06:19]} {[%emt 00:00:01]} Nd6 {[%emt 00:00:32]}
55. Kf1 {[%clk 00:05:49]} {[%emt 00:00:56]} Kf8 {[%clk 00:01:55]} {[%emt
00:00:04]} 56. Ke2 {[%clk 00:06:08]} {[%emt 00:00:10]} Ke7 {[%clk 00:02:21]}
{[%emt 00:00:04]} 57. Kd3 {[%emt 00:00:23]} Kd7 {[%clk 00:02:10]} {[%emt
00:00:21]} 58. Kd4 {[%clk 00:06:59]} {[%emt 00:00:06]} f6 {[%emt 00:03:16]} 59.
Bd3 {[%clk 00:04:57]} {[%emt 00:00:08]} Kc7 {[%clk 00:01:59]} {[%emt 00:00:19]}
60. Nb5+ {[%clk 00:04:48]} {[%emt 00:00:38]} Nxb5+ {[%clk 00:02:24]} {[%emt
00:00:05]} 61. Bxb5 {[%clk 00:05:17]} {[%emt 00:00:01]} Bc6 {[%clk 00:02:45]}
{[%emt 00:00:09]} 62. Bd3 {[%clk 00:04:51]} {[%emt 00:00:55]} Kd6 {[%clk
00:03:11]} {[%emt 00:00:04]} 63. Bc2 {[%clk 00:05:14]} {[%emt 00:00:08]} Bd7
{[%clk 00:02:49]} {[%emt 00:00:52]} 64. Bb3 {[%clk 00:05:26]} {[%emt 00:00:17]}
Be6 {[%clk 00:02:47]} {[%emt 00:00:32]} 65. Ba2 {[%clk 00:05:55]} {[%emt
00:00:01]} g5 {[%emt 00:01:02]} 66. f4 {[%clk 00:05:54]} {[%emt 00:00:11]} gxh4
{[%clk 00:02:35]} {[%emt 00:00:30]} 67. gxh4 {[%clk 00:06:23]} {[%emt
00:00:01]} Bg8 {[%clk 00:02:28]} {[%emt 00:00:28]} 68. e4 {[%clk 00:06:39]}
{[%emt 00:00:23]} Be6 {[%clk 00:02:18]} {[%emt 00:00:39]} 69. exd5 {[%clk
00:05:45]} {[%emt 00:01:25]} Bd7 {[%clk 00:02:19]} {[%emt 00:00:29]} 70. Bc4
{[%clk 00:05:26]} {[%emt 00:00:49]} Bc8 {[%emt 00:02:20]} 71. Bb3 {[%clk
00:04:13]} {[%emt 00:00:12]} Bd7 {[%clk 00:02:24]} {[%emt 00:00:06]} 72. Bc4
{[%clk 00:04:37]} {[%emt 00:00:06]} Bc8 {[%clk 00:02:48]} {[%emt 00:00:06]} 73.
Bb3 {[%clk 00:04:49]} {[%emt 00:00:17]} f5 {[%clk 00:02:26]} {[%emt 00:00:53]}
74. Bc2 {[%clk 00:04:38]} {[%emt 00:00:41]} Bd7 {[%clk 00:02:51]} {[%emt
00:00:05]} 75. Bd3 {[%clk 00:04:42]} {[%emt 00:00:26]} Bc8 {[%clk 00:02:13]}
{[%emt 00:01:07]} 76. Bb1 {[%clk 00:04:44]} {[%emt 00:00:28]} Bd7 {[%emt
00:01:52]} 77. Kc4 {[%clk 00:04:33]} {[%emt 00:03:42]} Bc8 {[%clk 00:02:31]}
{[%emt 00:00:27]} 78. Kb5 {[%clk 00:04:38]} {[%emt 00:00:24]} Kxd5 {[%clk
00:02:46]} {[%emt 00:00:15]} 79. Kxb6 {[%clk 00:05:07]} {[%emt 00:00:02]} Kd6
{[%clk 00:02:51]} {[%emt 00:00:24]} 80. Ba2 {[%clk 00:04:07]} {[%emt 00:01:30]}
Bd7 {[%clk 00:02:34]} {[%emt 00:00:48]} 81. Bg8 {[%clk 00:04:31]} {[%emt
00:00:05]} Ba4 {[%clk 00:02:18]} {[%emt 00:00:47]} 82. Ka5 {[%clk 00:04:32]}
{[%emt 00:00:30]} Bc2 {[%clk 00:02:31]} {[%emt 00:00:16]} 83. Kb4 {[%clk
00:04:57]} {[%emt 00:00:05]} Ke7 {[%emt 00:00:31]} 84. Kc3 {[%clk 00:05:05]}
{[%emt 00:00:07]} Bb1 {[%clk 00:02:58]} {[%emt 00:00:16]} 85. Kd4 {[%clk
00:05:00]} {[%emt 00:00:35]} Kf6 {[%clk 00:03:23]} {[%emt 00:00:05]} 86. Bd5
{[%clk 00:04:12]} {[%emt 00:01:18]} Bc2 {[%clk 00:03:12]} {[%emt 00:00:41]} 87.
Bf3 {[%clk 00:04:39]} {[%emt 00:00:03]} Bb1 {[%clk 00:03:32]} {[%emt 00:00:11]}
88. Kd5 {[%clk 00:05:01]} {[%emt 00:00:07]} Bc2 {[%clk 00:03:30]} {[%emt
00:00:32]} 89. Kd6 {[%clk 00:05:29]} {[%emt 00:00:02]} Ba4 {[%emt 00:01:14]} 90.
h5 {[%clk 00:05:14]} Bb5 {[%clk 00:03:15]} {[%emt 00:00:46]} 91. Bd1 {[%clk
00:05:16]} {[%emt 00:00:28]} Be8 {[%emt 00:00:50]} 92. Bf3 {[%clk 00:05:03]}
{[%emt 00:00:07]} Ba4 {[%clk 00:03:52]} {[%emt 00:00:08]} 93. Bc6 {[%clk
00:05:17]} {[%emt 00:00:16]} Bd1 {[%clk 00:04:10]} {[%emt 00:00:11]} 94. Be8
{[%clk 00:05:42]} {[%emt 00:00:05]} Bb3 {[%clk 00:04:11]} {[%emt 00:00:29]} 95.
Kd7 {[%clk 00:05:56]} {[%emt 00:00:17]} Ba4+ {[%clk 00:04:02]} {[%emt
00:00:38]} 96. Kd8 {[%clk 00:06:25]} Bb3 {[%emt 00:01:05]} 97. Bc6 {[%clk
00:05:56]} {[%emt 00:00:06]} Bd1 {[%clk 00:04:40]} {[%emt 00:00:10]} 98. Be8
{[%clk 00:06:20]} {[%emt 00:00:06]} Bb3 {[%emt 00:00:56]} 99. Bg6 {[%clk
00:05:52]} {[%emt 00:00:06]} Ba4 {[%emt 00:00:42]} 100. Be8 {[%emt 00:00:16]}
Bb3 {[%clk 00:05:40]} {[%emt 00:00:07]} 101. Bg6 {[%clk 00:05:34]} {[%emt
00:00:40]} Ba4 {[%clk 00:06:01]} {[%emt 00:00:09]} 102. Be8 {[%clk 00:05:57]}
{[%emt 00:00:06]} Bb3 {[%clk 00:06:26]} {[%emt 00:00:05]} 103. Bg6 {[%clk
00:06:22]} {[%emt 00:00:06]} Ba4 {[%clk 00:06:52]} {[%emt 00:00:05]} 104. Be8
{[%clk 00:06:48]} {[%emt 00:00:04]} 1/2-1/2

[Event "S16 a S20"]
[Site "Cambrils"]
[Date "2023.04.04"]
[Round "6.5"]
[White "Jimenez Munoz, Nicolas"]
[Black "Roca Planas, Edgar"]
[Result "1/2-1/2"]
[TimeControl "90'+30\""]
[WhiteFideId "32092172"]
[WhiteElo "2230"]
[BlackElo "2144"]

1. e4 {[%clk 01:30:54]} {[%emt 00:00:06]} c5 {[%clk 01:30:53]} {[%emt
00:00:07]} 2. Nf3 {[%clk 01:30:42]} {[%emt 00:00:42]} a6 {[%clk 01:31:18]}
{[%emt 00:00:06]} 3. c3 {[%clk 01:29:54]} {[%emt 00:01:17]} d5 {[%clk
01:31:40]} {[%emt 00:00:07]} 4. exd5 {[%clk 01:29:54]} {[%emt 00:00:30]} Qxd5
{[%clk 01:30:33]} {[%emt 00:01:37]} 5. d4 {[%clk 01:29:15]} {[%emt 00:01:10]}
Nf6 {[%clk 01:24:58]} {[%emt 00:06:04]} 6. Be2 {[%clk 01:25:59]} {[%emt
00:03:46]} e6 {[%clk 01:22:19]} {[%emt 00:03:10]} 7. O-O {[%clk 01:23:47]}
{[%emt 00:02:42]} Nc6 {[%clk 01:22:37]} {[%emt 00:00:12]} 8. Be3 {[%clk
01:22:09]} {[%emt 00:02:08]} cxd4 {[%clk 01:20:32]} {[%emt 00:02:35]} 9. Nxd4
{[%clk 01:22:16]} {[%emt 00:00:23]} Nxd4 {[%clk 01:19:54]} {[%emt 00:01:08]} 10.
Qxd4 {[%clk 01:22:16]} {[%emt 00:00:30]} Qxd4 {[%clk 01:05:22]} {[%emt
00:15:02]} 11. Bxd4 {[%clk 01:22:41]} {[%emt 00:00:05]} Bd7 {[%clk 01:05:45]}
{[%emt 00:00:07]} 12. Bf3 {[%clk 01:22:11]} {[%emt 00:00:59]} O-O-O {[%clk
01:06:03]} {[%emt 00:00:12]} 13. a4 {[%clk 01:18:47]} {[%emt 00:03:55]} Bd6
{[%clk 01:02:01]} {[%emt 00:04:33]} 14. Nd2 {[%clk 01:17:45]} {[%emt 00:01:31]}
Bc6 {[%clk 00:55:51]} {[%emt 00:06:40]} 15. Bxc6 {[%clk 01:15:50]} {[%emt
00:02:26]} bxc6 {[%clk 00:56:16]} {[%emt 00:00:04]} 16. Nc4 {[%clk 01:12:51]}
{[%emt 00:03:29]} Bc7 {[%clk 00:56:41]} {[%emt 00:00:05]} 17. b4 {[%clk
01:11:16]} {[%emt 00:02:05]} Rd5 {[%clk 00:53:18]} {[%emt 00:03:53]} 18. b5
{[%clk 01:01:56]} {[%emt 00:09:50]} axb5 {[%clk 00:49:27]} {[%emt 00:04:21]} 19.
axb5 {[%clk 00:54:22]} {[%emt 00:08:05]} Rxb5 {[%clk 00:47:17]} {[%emt
00:02:39]} 20. Bb6 {[%clk 00:45:03]} {[%emt 00:09:49]} Bb8 {[%clk 00:40:07]}
{[%emt 00:07:40]} 21. g3 {[%clk 00:32:04]} {[%emt 00:13:29]} Nd7 {[%clk
00:35:34]} {[%emt 00:05:03]} 22. Be3 {[%clk 00:31:06]} {[%emt 00:01:28]} Ne5
{[%clk 00:23:13]} {[%emt 00:12:50]} 1/2-1/2